00352nam a2200133Ia 4500008004000000020001800040082001300058100002300071245004100094250000500135260003800140300001500178650002500193210210b1986 xxu||||| |||| 00| 0 eng d a4 7557 0113 9 a612 GUYT aGUYTON (Arthur C). aTextbook of medical physiology Ed 7. a aLondonbW B Saunders Co.,c1986 axxvii,1057 aMedical Physiology